Managing without management : a post manage mangement manifesto for business simplicity

Bibliographic Details
Main Authors: Koch, Richard (Author), Godden, Ian (Author)
Format: Book
Language:English
Published: London : Nicholas Brealey Publ. 1996
Subjects:

MARC

LEADER 00000cam a2200000 7i4500
001 0000000338
005 20240919.0
008 991123 enk eng
020 |a 1857881656 
040 |a INS   |b eng   |e rda 
090 0 0 |a HD50   |b .K63 1996 
100 1 |a Koch, Richard ,   |e author 
245 1 0 |a Managing without management :   |b a post manage mangement manifesto for business simplicity   |c Richard Koch and Ian Godden 
264 1 |a London :   |b Nicholas Brealey Publ.   |c 1996 
264 4 |c ©1996 
300 |a viii, 248 pages :   |b illustrations ;   |c 24 cm. 
336 |a text  |2 rdacontent 
337 |a unmediated  |2 rdamedia 
338 |a volume  |2 rdacarrier 
500 |a Includes index 
650 0 |a Big Business 
650 0 |a Corparate reorganizations 
650 0 |a Desentralization in management 
650 0 |a Organizational change 
700 1 |a Godden, Ian ,   |e author 
999 |a 0000006517   |b BOOK   |c Open Shelf   |e Default branch 
999 |a 0000008235   |b BOOK   |c Open Shelf   |e Default branch